Nesystematická regulácia alebo systematická deregulácia prejavujúca sa vo vybraných právnych normách práva finančného trhu v SR
Esenciálne pojmy – regulácia a dohľad nad finančným trhom. Útvar dohľadu nad finančným trhom Národnej banky Slovenska.
Na minha lista:
| Autor principal: | |
|---|---|
| Formato: | Capítulo de Livro |
| Idioma: | eslovaco |
| Assuntos: | |
| Tags: |
Sem tags, seja o primeiro a adicionar uma tag!
|
MARC
| LEADER | 00000nla a2200000 4500 | ||
|---|---|---|---|
| 001 | 0236256 | ||
| 005 | 20240502073824.8 | ||
| 041 | 0 | |a slo | |
| 044 | |a SK | ||
| 245 | 1 | 0 | |a Nesystematická regulácia alebo systematická deregulácia prejavujúca sa vo vybraných právnych normách práva finančného trhu v SR |c Andrea Slezáková |
| 520 | |a Esenciálne pojmy – regulácia a dohľad nad finančným trhom. Útvar dohľadu nad finančným trhom Národnej banky Slovenska. | ||
| 610 | 2 | 0 | |a normy právne |
| 610 | 2 | 0 | |a trh finančný |
| 610 | 2 | 0 | |a dohľad nad finančným trhom |
| 610 | 2 | 0 | |a regulácia finančná |
| 610 | 2 | 0 | |a Slovensko |
| 100 | 1 | |a Slezáková, Andrea, 1980- | |